| Tag |
First Indicator |
Second Indicator |
Subfields |
| LEADER |
00000cam a2200000 a 4500 |
| 001 |
in00002139695 |
| 006 |
m e d # |
| 007 |
cr mn mmmmabba |
| 008 |
820607s1783 nju s 000 0 eng d |
| 005 |
20260331152006.7 |
| 035 |
|
|
|z w011942
|
| 035 |
|
|
|a MAAR8206073607B
|
| 035 |
|
|
|9 mwa91-6595
|
| 035 |
|
|
|a 320896
|
| 035 |
|
|
|a aas03011942
|
| 040 |
|
|
|a MWA
|c MWA
|e bdrb
|d UtOrBLW
|
| 100 |
1 |
|
|a Lewis, Amzi,
|d 1746-1819.
|
| 245 |
1 |
4 |
|a The covenant-interest, of the children of believers, illustrated and proved; and considered as a solid foundation for infant baptism :
|b With an appendix, concerning the discipline of baptized children. /
|c By Amzi Lewis, A.M. Pastor of the Church of Christ, in Florida. ; [Eight lines of Scripture texts].
|
| 264 |
|
3 |
|a Chatham [N.J.] :
|b Printed by Shepard Kollock,
|c 1783.
|
| 300 |
|
|
|a v, 2 unnumbered pages, 8-64 pages ;
|c 18 cm. (octavo)
|
| 336 |
|
|
|a text
|b txt
|2 rdacontent
|
| 337 |
|
|
|a computer
|b c
|2 rdamedia
|
| 338 |
|
|
|a online resource
|b cr
|2 rdacarrier
|
| 510 |
4 |
|
|a Evans
|c 18000
|
| 510 |
4 |
|
|a Humphrey, C.H. New Jersey,
|c 289
|
| 530 |
|
|
|a Microform version available in the Readex Early American Imprints series.
|
| 533 |
|
|
|a Electronic text and image data.
|b [Chester, Vt. :
|c Readex, a division of Newsbank, Inc.,
|d 2002-2004.
|e Includes files in TIFF, GIF and PDF formats with inclusion of keyword searchable text.
|f (Early American imprints. First series ; no. 18000).
|
| 500 |
|
|
|a Electronic resource.
|
| 650 |
|
0 |
|a Covenant theology.
|
| 650 |
|
0 |
|a Baptism.
|
| 650 |
|
0 |
|a Infant baptism.
|
| 650 |
|
0 |
|a Religious education of children.
|
| 740 |
0 |
|
|a Covenant-interest, of the children of believers, illustrated and proved.
|
| 752 |
|
|
|a United States
|b New Jersey
|d Chatham.
|
| 830 |
|
0 |
|a Early American imprints.
|n Series I,
|p Evans (1639-1800) ;
|v no. 18000.
|
| 856 |
4 |
1 |
|u http://proxy.library.tamu.edu/login?url=https://opac.newsbank.com/select/evans/18000
|y Evans Digital Edition
|t 0
|
| 999 |
|
|
|a MARS
|
| 999 |
f |
f |
|s 2b124ba6-662c-348c-95e5-13b14869093b
|i 831aa5e1-1030-387d-a013-91a992666c84
|t 0
|
| 952 |
f |
f |
|a Texas A&M University
|b College Station
|c Electronic Resources
|s www_evans
|d Available Online
|t 0
|h No information provided
|
| 998 |
f |
f |
|t 0
|l Available Online
|